| 000 | 00662cam a2200229Ii 4500 | ||
|---|---|---|---|
| 020 | _a9781920901356 | ||
| 020 | _a9781920901356 | ||
| 020 | _a1920901353 | ||
| 020 | _a1920901353 | ||
| 040 | _cAU@ | ||
| 082 | 0 | 4 | _a363 VOI 1986 C166 Or. |
| 245 | 0 | 0 |
_aGood earths : _bregional and historical insights into China's environment / |
| 300 |
_axxv, 292 pages : _billustrations, maps ; _c24 cm |
||
| 490 | 0 | _aFrontiers of Asia series | |
| 490 | 0 | _aFrontiers of Asia series | |
| 650 | 0 | _aEnvironmental policy | |
| 650 | 0 | _aEnvironmental health | |
| 650 | 0 | _aSustainable development | |
| 700 | 1 | _aAbe, Ken-ichi | |
| 700 | 1 | _aNickum, James E | |
| 942 | _cAEDBB | ||
| 999 |
_c19349 _d19349 |
||